El Compostatge : procés, sistemes i aplicacions / Josep Saña, Montserrat Soliva ; amb la col·laboració de Domènec Cucurull i Francesca Lumbreras procés, sistemes i aplicacions / Josep Saña, Montserrat Soliva ; amb la col·laboració de Domènec Cucurull i Francesca Lumbreras

per Saña i Vilaseca, Josep

Descripció física: 96 p. ; 24 cm
Matèries: Adobs

MARC

LEADER 00000nam a2200000Ia 4500
001 4954
008 160829s1987 xx 000 0 cat d
080 |a C-1-225 
100 |a Saña i Vilaseca, Josep  |9 40003 
245 |a El Compostatge :  |b  procés, sistemes i aplicacions / Josep Saña, Montserrat Soliva ; amb la col·laboració de Domènec Cucurull i Francesca Lumbreras 
260 |a Barcelona :  |b Servei del Medi Ambient, Diputació de Barcelona,  |c 1987 
300 |a 96 p. ;  |c 24 cm 
490 |a Quaderns d'ecologia aplicada ; 11 
650 |a Adobs  |9 33470 
700 |a Cucurull, Domènec  |9 49433 
700 |a Lumbreras, Francesca  |9 42422 
710 1 |a Barcelona (Catalunya : Província).  |b Servei de Medi Ambient  |9 53475 
901 |a Arxiu 
942 |n 1 
952 |0 0  |1 0  |4 0  |6 C1225  |7 1  |9 49342  |a Arxiu  |b Arxiu  |d 2016-12-01  |l 0  |o C-1-225  |p 4954  |r 2016-12-01 00:00:00  |w 2016-12-01  |y ARXIU 
999 |c 53184  |d 53184